| 000 | 00423nam a2200169Ia 4500 | ||
|---|---|---|---|
| 008 | 131103s9999 xx 000 0 und d | ||
| 040 | _aLoreto College | ||
| 041 | _aEnglish | ||
| 082 |
_aF/MAN _bLCLIB/16176 |
||
| 100 | _aMannin,Ethel | ||
| 245 |
_aBitter Babylon _cEthel Manning |
||
| 260 |
_aLondon _bHutchinson _c1968 |
||
| 300 |
_a224p _c 18 cm |
||
| 650 | _aEnglish Fiction | ||
| 850 | _aLCLIB/F/MAN | ||
| 942 | _cBK | ||
| 999 |
_c18492 _d68971 |
||